| 000 | 01109cam a2200313 i 4500 | ||
|---|---|---|---|
| 001 | 17699707 | ||
| 005 | 20221229185159.0 | ||
| 008 | 130416s2014 nyua 000 0 eng | ||
| 906 |
_a7 _bcbc _corignew _d2 _eepcn _f20 _gy-gencatlg |
||
| 925 | 0 |
_aacquire _b1 shelf copy _xpolicy default |
|
| 955 | _wxl04 2015-03-20 | ||
| 010 | _a 2013938058 | ||
| 020 | _a9781609015312 (paperback) | ||
| 040 |
_aDLC _beng _erda _cDLC _dDLC |
||
| 042 | _apcc | ||
| 050 | 0 | 0 |
_aND1488 _b.F45 2014 |
| 082 | 0 | 0 |
_a701/.85 _223 |
| 100 | 1 | _aFeisner, Edith Anderson. | |
| 245 | 1 | 0 | _aColor studies. |
| 250 |
_aThird edition / _bEdith Anderson Feisner, retired faculty, visiting specialist, Montclair State University, Ron Reed, assistant professor, Texas State University. |
||
| 264 | 1 |
_aNew York : _bFairchild Books, _c2014. |
|
| 300 |
_axvi, 279 pages : _billustrations (chiefly color) ; _c28 cm |
||
| 336 |
_atext _btxt _2rdacontent |
||
| 337 |
_aunmediated _bn _2rdamedia |
||
| 338 |
_avolume _bnc _2rdacarrier |
||
| 650 | 0 | _aColor. | |
| 650 | 0 | _aColor in art. | |
| 700 | 1 | _aReed, Ron. | |
| 999 |
_c11018 _d11018 |
||